[Event "Challenge"]
[Site "http://www.queenalice.com/game.php?id=1870075"]
[Date "2026.3.5"]
[Round "-"]
[White "marcomasa"]
[Black "maurice916"]
[Result "1-0"]
[WhiteElo "2106"]
[BlackElo "1786"]

1. e4 c6 2. Bc4 d5 3. exd5 cxd5 4. Bb3 Nf6 5. d4 Bg4 6. Nf3 e6 7. h3 Bh5 8. g4
Nxg4 9. hxg4 Bxg4 10. Bf4 Nc6 11. Nc3 Qf6 12. Be5 Nxe5 13. dxe5 Qf4 14. Rh4 Be7
15. Ba4+ Kf8 16. Rxg4 Qxg4 17. Qd3 Rd8 18. O-O-O Bb4 19. Rg1 Qf4+ 20. Kb1 a6 21.
Ne2 Qh6 22. a3 Be7 23. Ned4 g6 24. c3 Rc8 25. Bd7 Rc7 26. Bxe6 f5 27. exf6 Bxf6
28. Bxd5 Kg7 29. Ne6+ 1-0

[Event "Challenge"]
[Site "http://www.queenalice.com/game.php?id=1870239"]
[Date "2026.3.8"]
[Round "-"]
[White "marcomasa"]
[Black "Ricardoabreu"]
[Result "1-0"]
[WhiteElo "2101"]
[BlackElo "1774"]

1. e4 b6 2. Bc4 Bb7 3. Nc3 g6 4. d4 Bg7 5. Nf3 e6 6. Bf4 d6 7. Qd2 Nf6 8. Qe2
Nh5 9. Bd2 a6 10. a3 Nc6 11. Be3 Na5 12. Ba2 Nc6 13. g4 Nf6 14. h3 Qd7 15. Qd3
Nb8 16. Bb3 b5 17. Ba2 Qc6 18. d5 Qd7 19. O-O-O Ng8 20. g5 h6 21. h4 Qe7 22. Rh3
Qd7 23. dxe6 fxe6 24. Bb3 Nc6 25. Ba2 Ne5 26. Nxe5 Bxe5 27. f4 Bg7 28. e5 Bf8
29. Qxg6+ Ke7 30. Qd3 Bc6 31. g6 Kd8 32. Rg1 h5 33. g7 Bxg7 34. Rhg3 Nh6 35.
Rxg7 Qe8 36. exd6 Bd7 37. dxc7+ Kxc7 38. Ne4 Rg8 39. Qd6+ Kc8 40. Qc5+ Kd8 41.
Qb6+ Kc8 42. Nd6# 1-0

[Event "Challenge"]
[Site "http://www.queenalice.com/game.php?id=1870593"]
[Date "2026.3.14"]
[Round "-"]
[White "marcomasa"]
[Black "maurice916"]
[Result "1-0"]
[WhiteElo "2094"]
[BlackElo "1862"]

1. e4 c6 2. Bc4 d5 3. exd5 cxd5 4. Bb3 Nf6 5. d4 g6 6. h3 Bg7 7. Nf3 O-O 8. Nc3
Nc6 9. a3 e6 10. Bf4 a6 11. Qd3 b5 12. g4 Bb7 13. Kd2 Qb6 14. Rag1 Na5 15. Ba2
Nc4+ 16. Bxc4 bxc4 17. Qe3 Rac8 18. h4 Bc6 19. h5 Ne4+ 20. Nxe4 dxe4 21. Ne5 Bd5
22. Nd7 Qxb2 23. Rb1 Qxa3 24. Qxa3 1-0

[Event "Challenge"]
[Site "http://www.queenalice.com/game.php?id=1870612"]
[Date "2026.3.16"]
[Round "-"]
[White "marcomasa"]
[Black "maurice916"]
[Result "1-0"]
[WhiteElo "2101"]
[BlackElo "1824"]

1. e4 c6 2. Bc4 d5 3. exd5 cxd5 4. Bb3 Nf6 5. h3 g6 6. Nf3 Bg7 7. d4 Nc6 8. Bf4
O-O 9. Nc3 e6 10. Qd2 Na5 11. O-O-O Nxb3+ 12. axb3 Ne4 13. Nxe4 dxe4 14. Ne5 f6
15. Nc4 e5 16. Be3 Be6 17. d5 Bf7 18. g4 f5 19. gxf5 gxf5 20. Bg5 Qd7 21. h4 b5
22. Na3 Rac8 23. h5 h6 24. Bxh6 Rfd8 25. Qg5 Be8 26. Rdg1 Rc7 27. Bxg7 Qxg7 28.
Qxd8 1-0

[Event "Challenge"]
[Site "http://www.queenalice.com/game.php?id=1870617"]
[Date "2026.3.16"]
[Round "-"]
[White "maurice916"]
[Black "marcomasa"]
[Result "1-0"]
[WhiteElo "1825"]
[BlackElo "2105"]

1. Nf3 Nc6 2. d4 d5 3. b3 Bf5 4. Bb2 Nf6 5. e3 e6 6. Bb5 Qd6 7. Ne5 a6 8. Bxc6+
bxc6 9. O-O Nd7 10. f4 Nxe5 11. fxe5 Qd7 12. c3 Be7 13. Nd2 h5 14. c4 g5 15. c5
g4 16. g3 h4 17. Rf2 hxg3 18. hxg3 f6 19. Rh2 Rxh2 20. Kxh2 fxe5 21. dxe5 Bg5
22. Kg2 Bxe3 23. Qe2 Bxc5 24. Rh1 Qg7 25. a3 a5 26. Rh4 Bb6 27. Nf1 Kd7 28. Ne3
Rg8 29. Nxf5 Qg6 30. Ne3 Qb1 31. Nxg4 Qg1+ 32. Kh3 Bc5 33. Nf6+ Kd8 34. Nxg8 Bf2
35. Qf3 Qf1+ 36. Kg4 Kc8 37. Nf6 Qg1 38. b4 d4 39. Ne4 Be3 40. Rh1 1-0

[Event "Challenge"]
[Site "http://www.queenalice.com/game.php?id=1870658"]
[Date "2026.3.19"]
[Round "-"]
[White "marcomasa"]
[Black "maurice916"]
[Result "1-0"]
[WhiteElo "2087"]
[BlackElo "1856"]

1. e4 c6 2. Bc4 d5 3. exd5 cxd5 4. Bb3 Nf6 5. h3 Nc6 6. Nf3 e5 7. d3 h6 8. Nc3
Be6 9. Qe2 Bd6 10. Bd2 a6 11. a3 Qc7 12. g3 d4 13. Ne4 Nxe4 14. Qxe4 Bxb3 15.
cxb3 Qb6 16. b4 O-O 17. O-O Rae8 18. Qg4 Kh8 19. Qh5 Re6 20. Nh4 Ne7 21. g4 Kg8
22. g5 hxg5 23. Bxg5 Ng6 24. Nf5 Ree8 25. Bh6 Re6 26. Bxg7 Qd8 27. Qh6 Rfe8 28.
Bh8 Bf8 29. Bg7 R8e7 30. h4 f6 31. Qxg6 Rxg7 32. Nxg7 Bxg7 33. h5 Qe8 34. Qg4
Kf7 35. Kh2 Qh8 36. Rac1 Re7 37. Qg6+ Ke6 38. Rc5 Qe8 39. Qxe8 Rxe8 40. Rc7 Re7
41. Rxe7+ Kxe7 42. Rg1 Kf7 43. Rg6 b6 44. Kg3 Bf8 45. Kg4 Ke6 46. h6 Kf7 47. Kh5
a5 48. b5 a4 49. Rg1 Ke7 50. h7 1-0

[Event "Challenge"]
[Site "http://www.queenalice.com/game.php?id=1870830"]
[Date "2026.3.23"]
[Round "-"]
[White "marcomasa"]
[Black "maurice916"]
[Result "1-0"]
[WhiteElo "2080"]
[BlackElo "1849"]

1. e4 c6 2. Bc4 d5 3. exd5 cxd5 4. Bb3 Nf6 5. h3 Nc6 6. Nf3 e5 7. d3 Bd6 8. Bg5
Bc7 9. Nc3 h6 10. Bh4 O-O 11. Qd2 Be6 12. g4 g5 13. Bg3 e4 14. Bxc7 Qxc7 15. Nh2
exd3 16. Qxd3 Qe5+ 17. Kd2 d4 18. Rae1 dxc3+ 19. Kc1 Qf4+ 20. Kb1 Bxb3 21. axb3
cxb2 22. h4 Nxg4 23. Nxg4 Qxg4 24. Reg1 Qd4 25. Qg3 f6 26. hxg5 hxg5 27. Qh3 Kf7
28. Qh7+ Ke6 29. Rd1 Qc3 30. Rhe1+ Ne5 31. Qd7# 1-0

[Event "Challenge"]
[Site "http://www.queenalice.com/game.php?id=1870968"]
[Date "2026.3.25"]
[Round "-"]
[White "jogo"]
[Black "marcomasa"]
[Result "0-1"]
[WhiteElo "1671"]
[BlackElo "2100"]

1. d4 d5 2. c4 dxc4 3. Nf3 Be6 4. Nc3 Nf6 5. e4 c6 6. Ng5 Qd7 7. Nxe6 Qxe6 8. f3
g6 9. a4 a5 10. Qe2 Na6 11. Qxc4 Qd7 12. e5 Nd5 13. Ne4 Nb6 14. Qd3 Nb4 0-1

[Event "Challenge"]
[Site "http://www.queenalice.com/game.php?id=1870969"]
[Date "2026.3.25"]
[Round "-"]
[White "marcomasa"]
[Black "jogo"]
[Result "1-0"]
[WhiteElo "2103"]
[BlackElo "1590"]

1. e4 c5 2. Bc4 e6 3. Nf3 d5 4. exd5 exd5 5. Bb5+ Bd7 6. Qe2+ Be7 7. Nc3 Bxb5 8.
Nxb5 a6 9. Nc3 Nf6 10. d4 cxd4 11. Nxd4 O-O 12. Be3 Re8 13. O-O-O Bb4 14. Qd3
Nbd7 15. a3 Bxc3 16. Qxc3 Rc8 17. Qd3 Ng4 18. h3 Nxe3 19. fxe3 Ne5 20. Qf5 Nc4
21. Rhf1 Qe7 22. Rde1 Nxe3 23. Qf2 1-0

[Event "Challenge"]
[Site "http://www.queenalice.com/game.php?id=1871041"]
[Date "2026.3.26"]
[Round "-"]
[White "maurice916"]
[Black "marcomasa"]
[Result "1-0"]
[WhiteElo "1790"]
[BlackElo "2104"]

1. Nf3 Nc6 2. c4 e5 3. d3 Bc5 4. Nc3 Nf6 5. e4 d6 6. h3 h6 7. Be2 a6 8. O-O g5
9. Nh2 h5 10. Be3 Nd4 11. Bxg5 Bd7 12. Nd5 Rg8 13. Nxf6+ Kf8 14. Nh7+ Kg7 15.
Bxd8 Raxd8 16. Ng5 f6 17. Ngf3 Kf7 18. Kh1 Rg7 19. Nxd4 Bxd4 20. Nf3 Ba7 21. Nh4
Rg5 22. Nf5 Rh8 23. f4 exf4 24. Rxf4 Bxf5 25. Rxf5 Rg3 26. Bxh5+ Ke7 27. d4 Rhg8
28. Bf3 c6 29. Kh2 Bb8 30. Qe1 R3g6 31. Kh1 Ba7 32. Bg4 Bxd4 33. Qe2 Be5 34.
Raf1 Bd4 35. b4 Rh6 36. R1f3 Rxg4 37. Rxf6 Bxf6 38. Rxf6 Rhh4 39. Qf3 Rxe4 40.
Rf7+ Ke8 41. Rxb7 Ref4 42. Qxc6+ 1-0

[Event "Challenge"]
[Site "http://www.queenalice.com/game.php?id=1871044"]
[Date "2026.3.27"]
[Round "-"]
[White "jogo"]
[Black "marcomasa"]
[Result "0-1"]
[WhiteElo "1507"]
[BlackElo "2077"]

1. c4 e5 2. e4 Bc5 3. Nf3 Nc6 4. a3 a6 5. b4 Ba7 6. b5 axb5 7. cxb5 Nd4 8. Nxd4
Bxd4 9. Nc3 Nf6 10. f3 d6 11. g4 h6 12. Bc4 Qe7 13. Qb3 O-O 14. Bb2 Be6 15. Bxe6
fxe6 16. Ne2 Ba7 17. O-O-O b6 18. d4 Rac8 19. h3 c6 20. Kb1 cxb5 21. dxe5 Nd7
22. Rxd6 Nc5 23. Qxb5 Rxf3 0-1

[Event "Challenge"]
[Site "http://www.queenalice.com/game.php?id=1871085"]
[Date "2026.3.27"]
[Round "-"]
[White "marcomasa"]
[Black "maurice916"]
[Result "1-0"]
[WhiteElo "2094"]
[BlackElo "1836"]

1. e4 c6 2. Bc4 d5 3. exd5 cxd5 4. Bb3 Nf6 5. d4 Nc6 6. Bf4 Bg4 7. Nf3 e6 8. c3
Be7 9. h3 Bh5 10. g4 Bg6 11. Nbd2 Ne4 12. Qe2 h6 13. Ne5 Nxe5 14. Bxe5 f6 15.
Bh2 Nxd2 16. Qxd2 O-O 17. O-O-O a5 18. a3 b5 19. Rdg1 Bf7 20. h4 f5 21. gxf5 Bf6
22. Qxh6 exf5 23. Rxg7+ Bxg7 24. Rg1 Qf6 25. Qxf6 1-0

[Event "Challenge"]
[Site "http://www.queenalice.com/game.php?id=1871292"]
[Date "2026.3.31"]
[Round "-"]
[White "marcomasa"]
[Black "maurice916"]
[Result "1-0"]
[WhiteElo "2085"]
[BlackElo "1907"]

1. e4 c6 2. Bc4 d5 3. exd5 cxd5 4. Bb3 Nf6 5. d4 Nc6 6. h3 Bf5 7. Nf3 h6 8. Nc3
e6 9. Bf4 Be7 10. Qe2 a6 11. a3 Qb6 12. Be5 Nxe5 13. Qxe5 Bd6 14. Qe3 Rc8 15.
Ba4+ Ke7 16. Bb3 Ne4 17. Nxe4 dxe4 18. Nh4 Bh7 19. g3 Rhd8 20. O-O Kf8 21. Rfd1
Kg8 22. Rd2 Be7 23. Ng2 Kh8 24. c4 Bf6 25. Rad1 Qa7 26. c5 b6 27. Rc1 bxc5 28.
d5 exd5 29. Bxd5 Qe7 30. Rc4 Bd4 31. Rcxd4 cxd4 32. Rxd4 f5 33. Nf4 Rd6 34. b3
Qe5 35. a4 g5 36. Nd3 Qf6 37. Ne1 Rc1 38. Qxc1 Qxd4 39. Qc8+ Kg7 40. Qc7+ Kh8
41. Qxd6 e3 42. Qf8+ 1-0

[Event "Challenge"]
[Site "http://www.queenalice.com/game.php?id=1871298"]
[Date "2026.4.1"]
[Round "-"]
[White "marcomasa"]
[Black "maurice916"]
[Result "1-0"]
[WhiteElo "2094"]
[BlackElo "1898"]

1. e4 c6 2. Bc4 d5 3. exd5 cxd5 4. Bb3 Nc6 5. d4 Nf6 6. Nf3 Bg4 7. h3 Bh5 8. g4
Bg6 9. Bf4 h6 10. Nc3 e6 11. Qe2 Bb4 12. Qe3 Qe7 13. O-O-O O-O-O 14. a3 Ba5 15.
Nh2 Bxc3 16. Qxc3 Ne4 17. Qe3 f5 18. f3 Nd6 19. Ba2 Nc4 20. Bxc4 dxc4 21. g5 h5
22. h4 Bf7 23. Rd2 g6 24. Rhd1 Rd5 25. c3 Rhd8 26. Nf1 b5 27. Ng3 Kb7 28. Ne2
R8d7 29. Kb1 Na5 30. Nc1 a6 31. Na2 Nb3 32. Re2 Nc5 33. Nb4 Nd3 34. Nxd5 Rxd5
35. Bh2 Qd7 36. b3 Qe7 37. bxc4 bxc4 38. Ra2 Rb5+ 39. Kc2 Qxa3 40. Rda1 Qe7 41.
Rxa6 Rb2+ 42. Kd1 Qf8 43. Ra7+ Kc6 44. R1a6+ Rb6 45. d5+ exd5 46. Rxb6# 1-0

[Event "Challenge"]
[Site "http://www.queenalice.com/game.php?id=1871564"]
[Date "2026.4.6"]
[Round "-"]
[White "marcomasa"]
[Black "Ricardoabreu"]
[Result "1-0"]
[WhiteElo "2079"]
[BlackElo "1771"]

1. e4 e5 2. Bc4 Qe7 3. Nf3 Qc5 4. Bb3 h6 5. d4 Qc6 6. Nxe5 Qxe4+ 7. Kf1 d6 8.
Bxf7+ Ke7 9. Bg6 Qd5 10. Nf3 Bf5 11. Qe2+ Kd7 12. Qe8# 1-0

[Event "Challenge"]
[Site "http://www.queenalice.com/game.php?id=1871748"]
[Date "2026.4.9"]
[Round "-"]
[White "maurice916"]
[Black "marcomasa"]
[Result "0-1"]
[WhiteElo "1890"]
[BlackElo "2102"]

1. Nf3 Nc6 2. c4 e5 3. e4 Bc5 4. Nc3 Nf6 5. d3 d6 6. Be2 Be6 7. O-O Qe7 8. Bg5
h6 9. Bh4 g5 10. Bg3 Nh5 11. Nxe5 Nxg3 12. Nxc6 Nxe2+ 13. Qxe2 bxc6 14. Rab1 h5
15. b4 Bb6 16. a4 Bd4 17. Nd1 Bg4 18. Qd2 h4 19. h3 Bh5 20. Ne3 Bf6 21. Nf5 Qd7
22. Kh1 g4 23. hxg4 Bxg4 24. Ne3 Bf3 25. gxf3 Qh3+ 26. Kg1 Rg8+ 27. Ng4 Qxf3 28.
Qd1 Rxg4+ 29. Kh2 Qg2# 0-1

[Event "Challenge"]
[Site "http://www.queenalice.com/game.php?id=1871796"]
[Date "2026.4.11"]
[Round "-"]
[White "jogo"]
[Black "marcomasa"]
[Result "0-1"]
[WhiteElo "1461"]
[BlackElo "2110"]

1. e4 e5 2. Nf3 Nc6 3. Bb5 Qf6 4. c3 a6 5. Bc4 b5 6. Bb3 Bc5 7. O-O Qe7 8. d4
exd4 9. cxd4 Ba7 10. Nc3 Bb7 11. Nd5 Qd8 12. Re1 Nf6 13. Bg5 h6 14. Nxf6+ gxf6
15. Bh4 d6 16. d5 Ne5 17. Nxe5 dxe5 18. Qf3 Qd6 19. Bxf6 Rg8 20. Qf5 Bd4 0-1

[Event "Challenge"]
[Site "http://www.queenalice.com/game.php?id=1871797"]
[Date "2026.4.11"]
[Round "-"]
[White "marcomasa"]
[Black "jogo"]
[Result "1-0"]
[WhiteElo "2108"]
[BlackElo "1490"]

1. e4 c5 2. Bc4 e6 3. a3 d5 4. exd5 exd5 5. Ba2 Nf6 6. d4 cxd4 7. Qxd4 Nc6 8.
Qd3 Bc5 9. Nf3 O-O 10. O-O h6 11. Nc3 1-0

[Event "Challenge"]
[Site "http://www.queenalice.com/game.php?id=1872153"]
[Date "2026.4.17"]
[Round "-"]
[White "marcomasa"]
[Black "maurice916"]
[Result "1-0"]
[WhiteElo "2111"]
[BlackElo "1909"]

1. e4 c6 2. Bc4 d5 3. exd5 cxd5 4. Bb3 Nf6 5. h3 e5 6. d3 Nc6 7. Nf3 Bd6 8. Bg5
h6 9. Bh4 g5 10. Bg3 O-O 11. Nc3 Re8 12. Nxd5 Nxd5 13. Bxd5 Qc7 14. Qd2 Be6 15.
Bb3 Bxb3 16. axb3 f5 17. Nxg5 hxg5 18. Qxg5+ Qg7 19. Qxf5 Re7 20. Ra4 Rf8 21.
Qh5 Rf6 22. Rg4 Kf8 23. Rxg7 Rxg7 24. c3 Rfg6 25. Qf5+ 1-0

[Event "Challenge"]
[Site "http://www.queenalice.com/game.php?id=1872154"]
[Date "2026.4.17"]
[Round "-"]
[White "maurice916"]
[Black "marcomasa"]
[Result "0-1"]
[WhiteElo "1908"]
[BlackElo "2118"]

1. Nf3 Nc6 2. c4 e5 3. Nc3 Bc5 4. d3 h6 5. e3 Nf6 6. Bd2 d6 7. Be2 Be6 8. O-O
Qe7 9. h3 g5 10. Nh2 h5 11. e4 O-O-O 12. Be3 Rdg8 13. Bxc5 dxc5 14. a3 h4 15.
Nd5 Qd8 16. Nxf6 Qxf6 17. Ng4 Qg6 18. Qd2 f5 19. exf5 Bxf5 20. Ne3 Nd4 21. Nxf5
Nxf5 22. Bg4 Kb8 23. Rfe1 Qf6 24. Qc3 Re8 25. Bxf5 Qxf5 26. Re2 g4 27. Re3 gxh3
28. Rxh3 Reg8 29. Rf3 Qg5 30. g3 hxg3 31. Rxg3 Qh4 32. Rxg8+ Rxg8+ 33. Kf1 Rf8
34. Qd2 Qh1+ 35. Ke2 Qxa1 36. Qc3 Qg1 37. Qe1 Qg4+ 38. Kd2 Qd4 39. Ke2 Qxb2+ 40.
Kf1 Rh8 41. Kg2 Qd4 42. Qe2 Qh4 43. Kf3 Qf4+ 44. Kg2 Rh2+ 45. Kf1 Qc1+ 46. Qe1
Rh1+ 0-1

[Event "Challenge"]
[Site "http://www.queenalice.com/game.php?id=1872165"]
[Date "2026.4.17"]
[Round "-"]
[White "maurice916"]
[Black "marcomasa"]
[Result "1-0"]
[WhiteElo "1899"]
[BlackElo "2124"]

1. Nf3 Nc6 2. c4 e5 3. d3 Bc5 4. Nc3 Nf6 5. Bg5 h6 6. Bh4 g5 7. Bg3 Qe7 8. e4 d6
9. Nd5 Nxd5 10. cxd5 Nd4 11. Nxd4 Bxd4 12. Qc2 Bg4 13. f3 Bh5 14. Be2 Bg6 15.
Rc1 Rc8 16. b4 a6 17. Bf2 Bxf2+ 18. Kxf2 b6 19. Qb2 O-O 20. Rhd1 f6 21. Kg1 b5
22. Rc6 Ra8 23. Rdc1 Ra7 24. Qa3 Rfa8 25. Qb2 Be8 26. R6c3 Rc8 27. Ra3 Qd8 28.
d4 c6 29. dxe5 dxe5 30. dxc6 Bxc6 31. Rac3 Rac7 32. Qc2 Qe8 33. a4 Qd7 34. axb5
Bxb5 35. Rxc7 Rxc7 36. Qxc7 Qd4+ 37. Kf1 Ba4 38. Qc5 Qd2 39. Bc4+ Kg7 40. Qc7+
Bd7 41. Be6 Qd3+ 42. Kg1 Kg6 43. Qxd7 Qe3+ 44. Kf1 Qxc1+ 45. Kf2 Qc2+ 46. Kg3 h5
47. Qf7+ Kh6 48. Qf8+ Kg6 49. Qg8+ Kh6 50. Qf8+ Kg6 51. Bf7+ Kh7 52. Qg8+ 1-0

[Event "Challenge"]
[Site "http://www.queenalice.com/game.php?id=1872195"]
[Date "2026.4.18"]
[Round "-"]
[White "marcomasa"]
[Black "maurice916"]
[Result "1-0"]
[WhiteElo "2105"]
[BlackElo "1924"]

1. e4 c6 2. Bc4 d5 3. exd5 cxd5 4. Bb3 Nf6 5. h3 Nc6 6. d4 h6 7. Nf3 Bf5 8. Nc3
e6 9. Bf4 Bb4 10. Qd2 Qe7 11. a3 Bxc3 12. Qxc3 Ne4 13. Qe3 O-O 14. g4 Bg6 15. h4
Nd6 16. h5 Be4 17. O-O-O Rac8 18. Rd2 Na5 19. Ba2 Nac4 20. Bxc4 Nxc4 21. Qb3
Nxd2 22. Bxd2 Bxf3 23. Qxf3 Qc7 24. c3 b5 25. g5 e5 26. gxh6 f6 27. Qxd5+ Qf7
28. Qxb5 Rb8 29. Qd3 gxh6 30. Bxh6 Rfc8 31. Rg1+ Kh8 32. Rg7 Qxg7 33. Bxg7+ Kxg7
34. Qg3+ Kf7 35. Qg6+ Ke6 36. Qg4+ Kd5 37. Qd7+ Ke4 38. Qxa7 Kf5 39. h6 Rg8 40.
h7 Rh8 41. d5 Rbd8 42. c4 Kf4 43. b4 Kf3 44. Kd1 e4 45. Ke1 f5 46. Qg7 Kf4 47.
Qg3# 1-0

[Event "Challenge"]
[Site "http://www.queenalice.com/game.php?id=1872433"]
[Date "2026.4.24"]
[Round "-"]
[White "jogo"]
[Black "marcomasa"]
[Result "0-1"]
[WhiteElo "1439"]
[BlackElo "2117"]

1. e4 e5 2. Nf3 Nc6 3. Bb5 Qf6 4. c3 Bc5 5. O-O a6 6. Be2 d6 7. b4 Ba7 8. d4
exd4 9. cxd4 Nxd4 10. Qxd4 Bxd4 0-1